|
|
|
|
| LEADER |
00000ckm a2200000 a 4500 |
| 001 |
vtls001233414 |
| 003 |
SK-MaSNL |
| 005 |
20260331203618.0 |
| 007 |
kf co |
| 008 |
230718s1987 xo g 0kuslo |
| 015 |
|
|
|a SNBG1987
|
| 035 |
|
|
|a SNK000180422
|
| 035 |
|
|
|a urn:nbn:sk:snk-km3lwfo
|
| 035 |
|
|
|a 9B902C9B-2539-4923-AD70-D0481700FDEF
|
| 035 |
|
|
|a urn:nbn:sk:snk-km00dr8y
|
| 040 |
|
|
|a SNK
|b slo
|c SNK
|e AACR2
|
| 041 |
0 |
|
|a slo
|
| 043 |
|
|
|a e-xo---
|
| 044 |
|
|
|a xo
|c SK
|
| 072 |
|
7 |
|a 913
|x Regionálna geografia
|2 konspekt
|
| 080 |
|
|
|a 908.437.678(084.121)
|2 1981
|
| 080 |
|
|
|a (084.121)
|2 2011
|
| 080 |
|
|
|a 725.1:613.47-026.912
|2 2011
|
| 080 |
|
|
|a 711.61
|2 2011
|
| 080 |
|
|
|a 711.582
|2 2011
|
| 080 |
|
|
|a 913(437.6)
|2 2011
|
| 100 |
1 |
|
|a Jiroušek, Ladislav,
|d 1943-2019
|4 pht
|9 90423
|
| 245 |
1 |
0 |
|a Spišská Nová Ves
|h grafika
|b námestie : sídlisko Mier pri rieke Hornád : kúpalisko
|c foto: L. Jiroušek ; výtvarný návrh: S. Štubňa
|
| 246 |
1 |
|
|i Názov na obrazovej časti:
|a Spišská Nová Ves
|
| 260 |
|
|
|a Bratislava
|b ČSTK-Pressfoto
|c 1987
|e Skalica
|f Grafobal
|
| 300 |
|
|
|a 1 pohľadnica (3 čiastkové pohľady)
|b farebná
|c 11 x 15 cm
|
| 520 |
8 |
|
|a Zobrazenie: V bordovobielom orámovaní pohľady na námestie s pamätníkom a kostolom v pozadí, sídlisko Mier a kúpalisko
|
| 650 |
0 |
7 |
|a námestia
|2 SNKPH
|9 26291
|
| 650 |
0 |
7 |
|a sídliská
|2 SNKPH
|9 26585
|
| 650 |
0 |
7 |
|a kúpaliská
|2 SNKPH
|9 4394
|
| 651 |
|
7 |
|a Spišská Nová Ves (Slovensko)
|2 SNKPHgeo
|9 28800
|
| 655 |
|
7 |
|a miestne pohľadnice
|2 SNKPH
|9 70510
|
| 700 |
1 |
|
|a Štubňa, Stanislav
|c (grafik)
|4 art
|9 283307
|
| 852 |
|
|
|a Slovenská národná knižnica
|
| 954 |
|
|
|a pohľadnice pôvodné (slovenské)
|2 lita
|
| 958 |
|
|
|a GBN
|
| 958 |
|
|
|a TL
|
| 958 |
|
|
|a GC
|
| 958 |
|
|
|a OND
|
| 958 |
|
|
|a EUIPO
|
| 999 |
|
|
|c 775035
|d 776965
|
| 952 |
|
|
|a SNK
|b SNK
|y PREZ
|7 0
|p 17A1297515
|o snkSP 138186
|i snk1569/87
|0 0
|1 0
|4 0
|d 2018-12-18
|f 1
|l 0
|r 2026-02-24 00:47:03
|w 2026-02-24
|
| 952 |
|
|
|a SNK
|b SNK
|y PREZ
|7 0
|p 17A1297500
|o snkSP 138186 D1
|i snk1570/87
|0 0
|1 0
|4 0
|d 2018-12-18
|l 0
|r 2026-02-24 00:47:03
|w 2026-02-24
|